000 00384nam a22001577a 4500
003 SGT
020 _a9789352138326
082 _a005.7565,GRU
100 _aGRUS
245 _aDATA SCIENCE FROM SCRATCH FIRST PRINCIPLES WITH PYTHON
250 _a2ND
260 _aMUMBAI
_bSHROFF PUBLISHERS & DISTRIBUTORS
300 _a384
650 _aCOMPUTER SCIENCE
942 _2ddc
_cBK
_059
999 _c22920
_d22920